000 00491cam a22001932 4500
001 0000002816
005 20151217151905.0
008 070420s xx 000 0 eng d
020 _a0451161378 :
040 _aKABU
_cKABU
050 0 _aPS3515
_b.A57R35
100 1 _aHansberry, Lorraine.
_@0000152328
245 1 2 _aA Raisin in the sun.
260 _aNew York :
_bPenguin,
_c1987.
300 _a151 p.
908 _a070420
950 _@1
999 _c6031
_d6031